| 000 | 00633nam a2200193Ia 4500 | ||
|---|---|---|---|
| 008 | 210417s9999 xx 000 0 und d | ||
| 020 | _a9780750684774 | ||
| 020 | _b750684771 | ||
| 082 | _a658.404 MEL | ||
| 082 | _b2.658.404MEL | ||
| 245 | 0 | _aProject benefits management : linking your project to the business | |
| 245 | 0 | _cProject benefits management linking your project to the business | |
| 250 | _b"xviii, 215 p. : ill. ; 25 cm. ; pbk." | ||
| 260 | _aAmsterdam | ||
| 260 | _bElsevier/Butterworth-Heinemann | ||
| 260 | _c2008 | ||
| 700 | _a"Melton, Trish." | ||
| 700 | _b"Trish Melton, Peter Iles-Smith, Jim Yates. " | ||
| 999 |
_c436883 _d436883 |
||